000 01006nam a22002537a 4500
005 20170124103046.0
010 _a732345
020 _c2.00
035 _a732345
037 _bCen Lib/Ret
040 _aDPL
_bHN
082 _a
_bदेवेश
100 _aदेवेश दास
_968881
245 _aमास्को से मारवाड़ :
_cदेवेश दास
_bकहानी-संग्रह /
246 _aMoscow se marvaad : kahani-sangreh /
_bby Devesh Das
260 _aइलाहाबाद
_bइंडियन प्रेस पब्लिकेशन्स
_c1956
270 _b
300 _a154पृ.
_c17सेमी(सजिल्द )
650 _aहिंदी साहित्य
_x
_z
_968882
650 _aहिंदी साहित्य--लघु कथाएँ
_968883
650 _aHindi literature
_v
_968884
650 _aHindi literature--Short Stories
_968885
942 _2ddc
_cHN
_h
_mदेवेश
999 _c116899
_d116899